[Event "Pan American-ch U2000"]
[Site "Balneario Camboriu"]
[Date "2024.09.29"]
[Round "9"]
[White "Ikejiri, Daniel Yoshito"]
[Black "Orozco Aguilera, Pablo Sebastian"]
[Result "0-1"]
[WhiteElo "1973"]
[BlackElo "1842"]
[PlyCount "86"]
[EventDate "2024.09.24"]
[EventType "swiss"]
[EventRounds "9"]
[EventCountry "BRA"]
[SourceTitle "EXT 2025"]
[Source "ChessBase"]
[SourceDate "2024.10.14"]
[SourceVersion "1"]
[SourceVersionDate "2024.10.14"]
[SourceQuality "1"]

1. e4 c6 2. d4 d5 3. exd5 cxd5 4. c4 Nf6 5. Nc3 g6 6. cxd5 Bg7 7. Qb3 0-0 8. Be2 Nbd7 9. Bf3 Nb6 10. Bf4 Bf5 11. Nge2 Bd3 12. Qa3 Bxe2 13. Nxe2 Nfxd5 14. Bg3 e6 15. Rd1 Nc4 16. Qb3 Qa5+ 17. Nc3 Nxb2 18. Qxb2 Nxc3 19. Qd2 Bh6 20. Qxh6 Nxd1+ 21. Kxd1 Rfd8 22. Qd2 Qa4+ 23. Ke2 Rxd4 24. Qc3 Rad8 25. Rc1 e5 26. Kf1 Qb5+ 27. Ke1 e4 28. Be2 Qd5 29. Bf4 b5 30. Be3 Rd3 31. Bxd3 exd3 32. Rd1 b4 33. Qb3 Qe4 34. Kf1 a5 35. Re1 a4 36. Qd1 Qc4 37. Bd2 Qxa2 38. Bxb4 d2 39. Re2 Qb3 40. Qxb3 axb3 41. Bxd2 b2 42. Re1 Rxd2 43. Rb1 Rc2 0-1

[Event "Pan American-ch U2000"]
[Site "Balneario Camboriu"]
[Date "2024.09.28"]
[Round "7"]
[White "Orozco Aguilera, Pablo Sebastian"]
[Black "Quincozes, David Aleksander G"]
[Result "0-1"]
[WhiteElo "1842"]
[BlackElo "1823"]
[PlyCount "104"]
[EventDate "2024.09.24"]
[EventType "swiss"]
[EventRounds "9"]
[EventCountry "BRA"]
[SourceTitle "EXT 2025"]
[Source "ChessBase"]
[SourceDate "2024.10.14"]
[SourceVersion "1"]
[SourceVersionDate "2024.10.14"]
[SourceQuality "1"]

1. d4 Nf6 2. c4 g6 3. Nc3 Bg7 4. e4 0-0 5. h3 d6 6. Bg5 h6 7. Be3 e5 8. d5 a5 9. Bd3 Na6 10. Nge2 Nd7 11. Qd2 Kh7 12. g4 Ndc5 13. Bb1 Bd7 14. Ng3 Rb8 15. Qe2 Bf6 16. Bc2 Bg5 17. a3 Bxe3 18. Qxe3 b5 19. cxb5 Bxb5 20. Nxb5 Rxb5 21. Rb1 a4 22. h4 Kg7 23. h5 Qg5 24. Qxg5 hxg5 25. Kd2 Rfb8 26. Kc3 Nb3 27. Ne2 Nac5 28. Rh3 Na5 29. Re3 Nab3 30. Rf3 gxh5 31. gxh5 Na1 32. Re3 Nxc2 33. Kxc2 Kh6 34. Ng3 Rb3 35. Rxb3 Rxb3 36. Rd1 Rf3 37. Rd2 Nb3 38. Rd3 Rxf2+ 39. Kc3 Nd4 40. Nf5+ Nxf5 41. exf5 Kxh5 42. b3 axb3 43. Kxb3 e4 44. Rd4 Rf3+ 45. Kb4 e3 46. Kc3 e2+ 47. Kd2 e1Q+ 48. Kxe1 Rxa3 49. Rc4 Re3+ 50. Kf2 Re5 51. Rxc7 Rxf5+ 52. Kg3 Kg6 0-1

[Event "South America-ch U16 17th"]
[Site "Guayaquil"]
[Date "2022.01.30"]
[Round "9"]
[White "Quiroz Alva, Franco Rodrigo"]
[Black "Orozco Aguilera, Pablo Sebastian"]
[Result "1/2-1/2"]
[WhiteElo "1691"]
[BlackElo "1634"]
[PlyCount "80"]
[EventDate "2022.01.25"]
[EventType "swiss"]
[EventRounds "9"]
[EventCountry "ECU"]
[SourceTitle "CBM 206 Extra"]
[Source "ChessBase"]
[SourceDate "2022.03.31"]
[SourceVersion "1"]
[SourceVersionDate "2022.03.31"]
[SourceQuality "1"]

1. d4 d5 2. Bf4 Nf6 3. e3 c5 4. c3 Nc6 5. Nd2 Bf5 6. Qb3 Qd7 7. Ngf3 c4 8. Qd1 e6 9. a4 Bd6 10. Bxd6 Qxd6 11. b3 cxb3 12. Qxb3 b6 13. Bb5 0-0 14. 0-0 Ne4 15. Nxe4 Bxe4 16. Nd2 Bg6 17. Rfc1 Na5 18. Qb4 Rfd8 19. Qxd6 Rxd6 20. c4 dxc4 21. Nxc4 Nxc4 22. Bxc4 h6 23. Ba6 Be4 24. Rc7 Rc6 25. Rc1 Rxc1+ 26. Rxc1 Bd5 27. Rc7 Bb3 28. Bb7 Rd8 29. Bc6 e5 30. Rxa7 exd4 31. exd4 Rxd4 32. h3 Rd1+ 33. Kh2 Rd6 34. Bb5 g6 35. Kg3 Kg7 36. Ra6 Rf6 37. Ra7 g5 38. f3 Rd6 39. h4 Kf6 40. hxg5+ hxg5 1/2-1/2

[Event "South America-ch U16 17th"]
[Site "Guayaquil"]
[Date "2022.01.29"]
[Round "7"]
[White "Flores Quillas, Diego Saul Rodrigo"]
[Black "Orozco Aguilera, Pablo Sebastian"]
[Result "1-0"]
[WhiteElo "2189"]
[BlackElo "1634"]
[PlyCount "81"]
[EventDate "2022.01.25"]
[EventType "swiss"]
[EventRounds "9"]
[EventCountry "ECU"]
[SourceTitle "CBM 206 Extra"]
[Source "ChessBase"]
[SourceDate "2022.03.31"]
[SourceVersion "1"]
[SourceVersionDate "2022.03.31"]
[SourceQuality "1"]

1. e4 c6 2. d4 d5 3. Nc3 dxe4 4. Nxe4 Bf5 5. Ng3 Bg6 6. Nh3 e6 7. Nf4 Bd6 8. h4 Bxf4 9. Bxf4 h6 10. h5 Bh7 11. c3 Nf6 12. Bc4 Nbd7 13. a4 Nb6 14. Bb3 Nbd5 15. Be5 0-0 16. a5 Rc8 17. 0-0 Qe7 18. Re1 Rfd8 19. Qf3 Rd7 20. Rad1 Rcd8 21. Ba4 Rc8 22. c4 Nb4 23. d5 exd5 24. Bc3 Qf8 25. Bxf6 gxf6 26. Qg4+ Kh8 27. Qxd7 Rd8 28. Qxb7 Nd3 29. Qxc6 Nxe1 30. Qxf6+ Kg8 31. Rxe1 d4 32. Qxd8 Qxd8 33. Re8+ Qxe8 34. Bxe8 d3 35. Kf1 d2 36. Ke2 Bd3+ 37. Kxd2 Bxc4 38. Bc6 Be6 39. b4 a6 40. b5 axb5 41. a6 1-0

[Event "South America-ch U16 17th"]
[Site "Guayaquil"]
[Date "2022.01.28"]
[Round "6"]
[White "Orozco Aguilera, Pablo Sebastian"]
[Black "Sifuentes Alcantara, Jhony Sebastian"]
[Result "1-0"]
[WhiteElo "1634"]
[BlackElo "1622"]
[PlyCount "123"]
[EventDate "2022.01.25"]
[EventType "swiss"]
[EventRounds "9"]
[EventCountry "ECU"]
[SourceTitle "CBM 206 Extra"]
[Source "ChessBase"]
[SourceDate "2022.03.31"]
[SourceVersion "1"]
[SourceVersionDate "2022.03.31"]
[SourceQuality "1"]

1. d4 Nf6 2. c4 e6 3. Nc3 d5 4. cxd5 exd5 5. Bg5 c6 6. e3 Bf5 7. Bd3 Bxd3 8. Qxd3 Nbd7 9. Nf3 Bd6 10. 0-0 0-0 11. a3 a5 12. Rac1 Re8 13. Bh4 h6 14. Na4 Qc7 15. Rfd1 g5 16. Bg3 Ne4 17. Bxd6 Qxd6 18. Nd2 b5 19. Nc3 Nxd2 20. Rxd2 Nb6 21. Re2 b4 22. Nb1 Nc4 23. a4 Nb6 24. b3 Nd7 25. Rec2 Rec8 26. Nd2 c5 27. dxc5 Rxc5 28. Rxc5 Nxc5 29. Qd4 Ne6 30. Qf6 Qd8 31. Qxh6 Rc8 32. Rf1 Qf8 33. Qf6 Qg7 34. Qf5 Qh7 35. Qe5 Qg7 36. Qg3 Rc3 37. Rb1 Qg6 38. Qb8+ Kh7 39. e4 dxe4 40. Qe5 Nc5 41. Rd1 e3 42. fxe3 Qe6 43. Qxg5 Qxe3+ 44. Qxe3 Rxe3 45. Kf2 Rc3 46. Rb1 Rc2 47. Ke3 Rc3+ 48. Kd4 Ne6+ 49. Ke5 Re3+ 50. Kf6 Nf4 51. Nc4 Re6+ 52. Kxf7 Ra6 53. g4 Ra7+ 54. Kf6 Kg8 55. h4 Rf7+ 56. Ke5 Nd3+ 57. Kd4 Rd7+ 58. Ke3 Rd5 59. Rd1 Nf4 60. Rxd5 Nxd5+ 61. Kd4 Nf6 62. g5 1-0

[Event "South America-ch U16 17th"]
[Site "Guayaquil"]
[Date "2022.01.26"]
[Round "2"]
[White "Loja Zambrano, Diego Sebastian"]
[Black "Orozco Aguilera, Pablo Sebastian"]
[Result "1/2-1/2"]
[WhiteElo "1487"]
[BlackElo "1634"]
[PlyCount "102"]
[EventDate "2022.01.25"]
[EventType "swiss"]
[EventRounds "9"]
[EventCountry "ECU"]
[SourceTitle "CBM 206 Extra"]
[Source "ChessBase"]
[SourceDate "2022.03.31"]
[SourceVersion "1"]
[SourceVersionDate "2022.03.31"]
[SourceQuality "1"]

1. Nf3 d5 2. c4 c6 3. g3 Nf6 4. Bg2 e6 5. b3 Bd6 6. Bb2 Nbd7 7. 0-0 0-0 8. d4 Ne4 9. Nbd2 f5 10. Ne5 Qf6 11. Ndf3 Ng5 12. e3 Nxf3+ 13. Nxf3 b5 14. cxb5 cxb5 15. Qd2 a5 16. Rfc1 Bb7 17. Qd3 Ba6 18. Rc6 Qe7 19. Ne5 Nb8 20. Rc2 b4 21. Qd2 Qb7 22. Rac1 Bb5 23. Bf1 Bxf1 24. Kxf1 Ra6 25. Kg2 Nd7 26. Rc6 Bxe5 27. Rxa6 Qxa6 28. dxe5 Rc8 29. Bd4 Rc6 30. Rxc6 Qxc6 31. a3 Qb5 32. axb4 Qxb4 33. Qc2 Qb5 34. Qc7 a4 35. bxa4 Qxa4 36. h4 Qb5 37. h5 h6 38. Qd6 Nf8 39. Bc5 Qe8 40. Bb4 Nh7 41. f4 Qc8 42. Qe7 Qc2+ 43. Kh3 Qc8 44. Kh4 Nf8 45. g4 fxg4 46. Kxg4 Nh7 47. Kf3 Nf8 48. e4 dxe4+ 49. Kxe4 Nh7 50. Kf3 Qa8+ 51. Kg3 Qc8 1/2-1/2

[Event "South America-ch U16 17th"]
[Site "Guayaquil"]
[Date "2022.01.26"]
[Round "3"]
[White "Orozco Aguilera, Pablo Sebastian"]
[Black "Pimentel Delgado, Victor Fabricio"]
[Result "1-0"]
[WhiteElo "1634"]
[BlackElo "1500"]
[PlyCount "87"]
[EventDate "2022.01.25"]
[EventType "swiss"]
[EventRounds "9"]
[EventCountry "ECU"]
[SourceTitle "CBM 206 Extra"]
[Source "ChessBase"]
[SourceDate "2022.03.31"]
[SourceVersion "1"]
[SourceVersionDate "2022.03.31"]
[SourceQuality "1"]

1. d4 Nf6 2. c4 e6 3. Nc3 Bb4 4. e3 0-0 5. Nge2 d5 6. a3 Bd6 7. Ng3 c6 8. Bd3 dxc4 9. Bxc4 e5 10. 0-0 Nbd7 11. Ba2 Nb6 12. dxe5 Bxe5 13. Qc2 Re8 14. Bd2 Qc7 15. Rac1 Be6 16. Bxe6 Rxe6 17. Rfd1 Rae8 18. Be1 Ng4 19. Nce2 Nd5 20. Rxd5 cxd5 21. Qxc7 Bxc7 22. Rxc7 R6e7 23. Rc5 Rd8 24. h3 Ne5 25. Nf4 Red7 26. Bc3 b6 27. Rb5 f6 28. Nf5 Kf7 29. Nh5 g6 30. Nh6+ Ke6 31. Nxf6 Kxf6 32. Ng4+ Kf5 33. Nxe5 Rc7 34. Nf3 Rc5 35. Rb4 Rc4 36. Nd2 Rxb4 37. axb4 Ra8 38. b5 a5 39. bxa6 Rxa6 40. f3 Ke6 41. Nb3 Ra4 42. Kf2 Rc4 43. Ke2 b5 44. Nd4+ 1-0

[Event "Preinscritos IRT Online"]
[Site "Chess.com INT"]
[Date "2020.12.26"]
[Round "1"]
[White "Orozco Aguilera, Pablo Sebastian"]
[Black "Berrezueta Guaman, Tania Karina"]
[Result "1-0"]
[WhiteElo "1841"]
[BlackElo "928"]
[PlyCount "41"]
[EventDate "2020.12.26"]
[EventType "swiss"]
[EventRounds "11"]
[EventCountry "ECU"]
[SourceTitle "CBM 200 Extra"]
[Source "ChessBase"]
[SourceDate "2021.03.31"]
[SourceVersion "1"]
[SourceVersionDate "2021.03.31"]
[SourceQuality "1"]

1. d4 Nf6 2. c4 g6 3. Nc3 Bg7 4. e4 d6 5. h3 Nfd7 6. Bg5 0-0 7. Be3 e5 8. d5 c6 9. Bd3 cxd5 10. cxd5 Qa5 11. Nge2 Na6 12. a3 Ndc5 13. Bc2 Qc7 14. g4 Nd7 15. h4 b6 16. Ng3 Ndc5 17. h5 Nb7 18. f3 Bd7 19. Qd2 Rab8 20. Bh6 Bxh6 21. Qxh6 1-0

[Event "Preinscritos IRT Online"]
[Site "Chess.com INT"]
[Date "2020.12.26"]
[Round "11"]
[White "Orozco Aguilera, Pablo Sebastian"]
[Black "Echeverria Bravo, Juan Sebastian"]
[Result "0-1"]
[WhiteElo "1841"]
[BlackElo "1916"]
[PlyCount "96"]
[EventDate "2020.12.26"]
[EventType "swiss"]
[EventRounds "11"]
[EventCountry "ECU"]
[SourceTitle "CBM 200 Extra"]
[Source "ChessBase"]
[SourceDate "2021.03.31"]
[SourceVersion "1"]
[SourceVersionDate "2021.03.31"]
[SourceQuality "1"]

1. d4 Nf6 2. c4 e6 3. Nc3 d5 4. cxd5 exd5 5. Bg5 Be7 6. e3 0-0 7. Bd3 c6 8. Nge2 h6 9. Bh4 Nbd7 10. f3 Nb6 11. 0-0 Ne8 12. Bf2 f5 13. Nf4 Kh7 14. Qc2 g6 15. e4 dxe4 16. fxe4 Ng7 17. e5 Bg5 18. Nh3 Be6 19. Nxg5+ Qxg5 20. Rae1 Rad8 21. Be3 Qe7 22. Qd2 g5 23. Qc2 Qd7 24. Rf2 Kg8 25. Rff1 f4 26. Bf2 Nf5 27. Bxf5 Bxf5 28. Ne4 Qe6 29. Qe2 Bxe4 30. Qxe4 Qd5 31. Qxd5+ Rxd5 32. e6 Re8 33. e7 Kf7 34. h4 Rxe7 35. hxg5 hxg5 36. g3 Rxe1 37. Rxe1 fxg3 38. Be3 Nc4 39. Bxg5 Rxd4 40. b3 Nd6 41. Re7+ Kg6 42. Be3 Rd3 43. Kg2 Nf5 44. Rxb7 Rxe3 45. Rxa7 Re2+ 46. Kg1 g2 47. Rc7 Rc2 48. b4 Nh4 0-1

[Event "Preinscritos IRT Online"]
[Site "Chess.com INT"]
[Date "2020.12.26"]
[Round "8"]
[White "Orozco Aguilera, Pablo Sebastian"]
[Black "Ulloa Centeno, Luis Manuel"]
[Result "1-0"]
[WhiteElo "1841"]
[BlackElo "1644"]
[PlyCount "61"]
[EventDate "2020.12.26"]
[EventType "swiss"]
[EventRounds "11"]
[EventCountry "ECU"]
[SourceTitle "CBM 200 Extra"]
[Source "ChessBase"]
[SourceDate "2021.03.31"]
[SourceVersion "1"]
[SourceVersionDate "2021.03.31"]
[SourceQuality "1"]

1. d4 f5 2. c4 Nf6 3. g3 e6 4. Bg2 c6 5. Nh3 d5 6. Nc3 Be7 7. cxd5 cxd5 8. Nf4 0-0 9. 0-0 Nc6 10. a3 Bd7 11. b4 a6 12. Na4 b5 13. Nc5 Bxc5 14. dxc5 Bc8 15. Bb2 e5 16. Nxd5 e4 17. Nxf6+ gxf6 18. Qxd8 Nxd8 19. Rad1 Nb7 20. f3 e3 21. f4 Rb8 22. Rf3 Re8 23. Rd3 Be6 24. Bxf6 Kf7 25. Bb2 Bc4 26. Rd7+ Re7 27. Rxe7+ Kxe7 28. Rxe3+ Kf7 29. Re5 Kg6 30. e4 Kg7 31. Re8+ 1-0

[Event "ECU-ch Schools U15 Clas2"]
[Site "Chess.com INT"]
[Date "2020.11.07"]
[Round "9"]
[White "Ortiz Pilco, Carlos Alberto"]
[Black "Orozco Aguilera, Pablo Sebastian"]
[Result "0-1"]
[WhiteElo "1295"]
[BlackElo "1620"]
[PlyCount "80"]
[EventDate "2020.11.07"]
[EventType "swiss"]
[EventRounds "9"]
[EventCountry "ECU"]
[SourceTitle "EXT 2022"]
[Source "ChessBase"]
[SourceDate "2021.10.06"]
[SourceVersion "1"]
[SourceVersionDate "2021.10.06"]
[SourceQuality "1"]

1. d4 d5 2. Nf3 Nf6 3. e3 c6 4. c4 a6 5. Nc3 Bf5 6. cxd5 cxd5 7. Bd3 Bxd3 8. Qxd3 e6 9. 0-0 Nc6 10. a3 Bd6 11. Bd2 0-0 12. Rac1 Rc8 13. Rfd1 b5 14. b4 Nd7 15. e4 Nb6 16. e5 Be7 17. Bf4 Nc4 18. Ne2 Nb2 19. Qd2 Nxd1 20. Rxd1 Nb8 21. g4 Rc4 22. g5 Qd7 23. h4 Rfc8 24. h5 Rc2 25. Qe3 Qc6 26. g6 hxg6 27. hxg6 Qc4 28. gxf7+ Kxf7 29. Ng3 Qc3 30. Qxc3 R8xc3 31. Kg2 Nd7 32. Bg5 Rxa3 33. Rh1 Raa2 34. Rf1 Bxb4 35. Bh4 Be7 36. Bg5 b4 37. Nh5 b3 38. Bxe7 Kxe7 39. Nxg7 b2 40. Ng5 Rc1 0-1

[Event "ECU-ch Schools U15 Clas2"]
[Site "Chess.com INT"]
[Date "2020.11.07"]
[Round "5"]
[White "Ulloa Centeno, Luis Manuel"]
[Black "Orozco Aguilera, Pablo Sebastian"]
[Result "1-0"]
[WhiteElo "1180"]
[BlackElo "1620"]
[PlyCount "179"]
[EventDate "2020.11.07"]
[EventType "swiss"]
[EventRounds "9"]
[EventCountry "ECU"]
[SourceTitle "EXT 2022"]
[Source "ChessBase"]
[SourceDate "2021.10.06"]
[SourceVersion "1"]
[SourceVersionDate "2021.10.06"]
[SourceQuality "1"]

1. d4 d5 2. Bf4 Nf6 3. Nf3 c5 4. e3 Nc6 5. c3 Qb6 6. Qc2 Bf5 7. Qd2 Ne4 8. Qe2 e6 9. Na3 a6 10. Nd2 Qxb2 11. Rb1 Qxa3 12. Rxb7 Qc1+ 13. Qd1 Qxd1+ 14. Kxd1 Nxf2+ 15. Ke2 Nxh1 16. g3 cxd4 17. cxd4 Bb4 18. Nb3 0-0 19. Rb6 Rfc8 20. Bg2 Be4 21. Bxe4 dxe4 22. Kf1 Ba5 23. Rb7 f6 24. Nc5 e5 25. dxe5 Nxe5 26. Ne6 g5 27. Rg7+ Kh8 28. Bxe5 fxe5 29. Rf7 Rc1+ 30. Kg2 Rac8 31. Nxg5 R8c2+ 32. Kh3 Nf2+ 33. Kh4 Nd3 34. Ne6 Rxh2+ 35. Kg4 Rc8 36. Ng5 Kg8 37. Ra7 Kh8 38. Rxa6 Bd8 39. Nf7+ Kg7 40. Nd6 Bc7 41. Nxc8 Kh8 42. Re6 Rf2 43. Re8+ Kg7 44. Ne7 Bd6 45. Nf5+ Rxf5 46. Kxf5 Kf7 47. Ra8 Bb4 48. Ra7+ Kg8 49. Ra8+ Kg7 50. Ra7+ Kf8 51. Kxe4 Nf2+ 52. Kf5 e4 53. Rxh7 Kg8 54. Rb7 Bd6 55. a4 Bxg3 56. a5 Bd6 57. a6 Bc5 58. a7 Bxa7 59. Rxa7 Nd1 60. Kxe4 Kf8 61. Kd4 Nf2 62. e4 Ke8 63. e5 Ng4 64. Kd5 Ne3+ 65. Ke4 Ng4 66. Kf5 Ne3+ 67. Ke4 Ng4 68. e6 Nf6+ 69. Kf5 Nd5 70. Ke5 Ne7 71. Kf6 Nd5+ 72. Ke5 Ne3 73. Rb7 Nc4+ 74. Kd5 Ne3+ 75. Kc6 Nf5 76. Kd5 Ne7+ 77. Kd6 Nf5+ 78. Ke5 Ne3 79. Rd7 Nc4+ 80. Kf6 Ne3 81. Rd4 Nc2 82. Ra4 Ne3 83. e7 Nd5+ 84. Ke6 Nc7+ 85. Kd6 Nb5+ 86. Kc5 Nc3 87. Rc4 Nd1 88. Kd6 Ne3 89. Rc8+ Kf7 90. e8Q+ 1-0

[Event "ECU-ch Schools U15 Clas1"]
[Site "Chess.com INT"]
[Date "2020.11.05"]
[Round "4"]
[White "Garzon Zapatanga, Christopher Leonel"]
[Black "Orozco Aguilera, Pablo Sebastian"]
[Result "1-0"]
[WhiteElo "1697"]
[BlackElo "1620"]
[PlyCount "74"]
[EventDate "2020.11.05"]
[EventType "swiss"]
[EventRounds "9"]
[EventCountry "ECU"]
[SourceTitle "EXT 2022"]
[Source "ChessBase"]
[SourceDate "2021.10.06"]
[SourceVersion "1"]
[SourceVersionDate "2021.10.06"]
[SourceQuality "1"]

1. e4 c6 2. d4 d5 3. Nc3 dxe4 4. Nxe4 Bf5 5. Ng3 Bg6 6. h4 h6 7. h5 Bh7 8. Nf3 Nf6 9. Bd3 Bxd3 10. Qxd3 e6 11. Bd2 Be7 12. 0-0-0 Nbd7 13. Ne4 Nxe4 14. Qxe4 Nf6 15. Qe2 Qd5 16. Kb1 Qe4 17. Be3 Nd5 18. Ne5 a5 19. Rhe1 a4 20. f3 Qxe3 21. Qxe3 Nxe3 22. Rxe3 0-0 23. g4 Rfd8 24. Red3 Bf6 25. f4 Rd6 26. c3 Rad8 27. Kc2 b5 28. Nf3 Be7 29. a3 Rd5 30. Ne5 f6 31. Nxc6 R8d7 32. Re3 R5d6 33. Nb4 Rb6 34. Nd3 Rc6 35. Rde1 Kf7 36. f5 e5 37. dxe5 fxe5 1-0

[Event "ECU-ch Schools U15 Clas1"]
[Site "Chess.com INT"]
[Date "2020.11.05"]
[Round "3"]
[White "Orozco Aguilera, Pablo Sebastian"]
[Black "Pereira Pinos, Mathias Bernardo"]
[Result "1-0"]
[WhiteElo "1620"]
[BlackElo "183"]
[PlyCount "63"]
[EventDate "2020.11.05"]
[EventType "swiss"]
[EventRounds "9"]
[EventCountry "ECU"]
[SourceTitle "EXT 2022"]
[Source "ChessBase"]
[SourceDate "2021.10.06"]
[SourceVersion "1"]
[SourceVersionDate "2021.10.06"]
[SourceQuality "1"]

1. d4 Nf6 2. c4 g6 3. Nc3 Bg7 4. e4 d6 5. h3 0-0 6. Bg5 Nbd7 7. Bd3 c5 8. d5 Ne5 9. Be2 Qa5 10. Bd2 Qd8 11. f4 Ned7 12. Nf3 Nb6 13. 0-0 e5 14. fxe5 dxe5 15. Nxe5 Nfd7 16. Nxd7 Bxd7 17. Be3 Rc8 18. Rf3 Re8 19. Qd2 Qh4 20. Raf1 Rf8 21. Bg5 Qh5 22. R3f2 Nxc4 23. Qc1 Qxh3 24. gxh3 Bxh3 25. Bxc4 Bd4 26. Be3 Bg7 27. Bh6 Bd4 28. Bxf8 Rxf8 29. Ne2 Bxf2+ 30. Rxf2 f5 31. exf5 Bxf5 32. Ng3 1-0

[Event "Pan American-ch U14"]
[Site "Guayaquil"]
[Date "2019.07.27"]
[Round "9"]
[White "Varillas Jimenes, Ivan"]
[Black "Orozco Aguilera, Pablo Sebastian"]
[Result "1-0"]
[WhiteElo "1760"]
[BlackElo "1487"]
[PlyCount "71"]
[EventDate "2019.07.21"]
[EventType "swiss"]
[EventRounds "9"]
[EventCountry "ECU"]
[SourceTitle "EXT 2020"]
[Source "ChessBase"]
[SourceDate "2019.10.17"]
[SourceVersion "1"]
[SourceVersionDate "2019.10.17"]
[SourceQuality "1"]

1. e4 c6 2. d4 d5 3. exd5 cxd5 4. Bd3 Nc6 5. c3 Nf6 6. Bf4 Bg4 7. Qb3 Qc8 8. Nd2 e6 9. Ngf3 Be7 10. 0-0 0-0 11. Rae1 a6 12. Ne5 Bh5 13. a4 Nd7 14. Qc2 Bg6 15. Nxg6 hxg6 16. Nf3 Bf6 17. h4 Qd8 18. Bg5 Rc8 19. Qd1 Na5 20. Bxf6 Nxf6 21. Ne5 Qb6 22. Qe2 Qb3 23. g4 Nc4 24. f4 Rfe8 25. Rf2 Qxa4 26. h5 gxh5 27. gxh5 Nd6 28. Rg2 Kf8 29. Kh1 Qa5 30. Reg1 Ke7 31. Rxg7 Rh8 32. Ng6+ Kd7 33. Nxh8 Rxh8 34. R7g5 Nde4 35. Bxe4 Nxe4 36. Qxe4 1-0